Statistics for Things that are White

Click here to take the quiz!

General Stats

  • This quiz has been taken 123 times
    (114 since last reset)
  • The average score is 8 of 14

Answer Stats

HintAnswer% Correct
Disney PrincessSnow White
95%
Presidential ResedenceWhite House
93%
Holiday in DecemberWhite Christmas
81%
Chicago Baseball teamWhite Sox
66%
LeukocytesWhite Blood Cells
65%
Poor Caucaisian PeopleWhite Trash
62%
Useless GiftWhite Elephant
60%
A person who works at a deskWhite-Collar Worker
58%
African RiverWhite Nile
46%
Fence PaintWhitewash
39%
Eastern BelarusWhite Russia
36%
Plain UnderwearTighty Whities
28%
Appalachias of ME and NHWhite Mountains
27%
For Expo MarkersWhiteboard
13%

Score Distribution

Percentile by Number Answered

Percent of People with Each Score

Your Score History

You have not taken this quiz since the last reset